000 00674nam a2200205Ia 4500
003 GCL
008 140319s9999 xx 000 0 ara d
040 _aGCL /
_cGCL
082 0 4 _a379.62
_bح ت
100 1 _aحسين كامل بهاء الدين
245 1 0 _aالتعليم والمستقبل /
_cحسين كامل بهاء الدين
300 _a165 ص
490 _aالهيئة العامة للاستعلامات
_v0
650 0 4 _aالتعليم
650 0 4 _aالتعليم - مناهج
650 0 4 _aالتعليم - اغراضه واهدافه
650 0 4 _aالتعليم - مصر
650 0 4 _aمصر - التخطيط التربوى
942 _2ddc
_cBK
999 _c51851
_d51851